Pays méditerranéen-Carte Quiz. - Statistiques

Statistiques générales
  • Ce quiz a été pris 664 fois
  • Le résultat moyen est 19 sur 22
Réponses sur la Carte
Les réponses sont colorées sur une échelle allant du rouge au vert en fonction du pourcentage des utilisateurs qui les ont devinées à leur premier essai. Vous pouvez retrouver ces pourcentages ci-dessous.
 
Statistiques - réponses
Réponse % Correct
France
97%
Italie
97%
Espagne
96%
Maroc
95%
Monaco
94%
Algerie
92%
Egypte
91%
Grèce
91%
Tunisie
91%
Malte
90%
Turquie
90%
Chypre
88%
Libye
88%
Croatie
86%
Israel
86%
Syrie
84%
Liban
80%
Slovénie
79%
Albanie
77%
Bosnie-Herzégovine
77%
Montenegro
76%
Palestine
76%
Aucun quiz correspondant
Distribution des résultats
% des personnes avec chaque résultat
Percentile par nombre de réponses
Votre historique - résultats
Vous n’avez pas pris ce quiz